Wielki przekręt

Titel: Wielki przekręt : Klęska polskich reform
Verfasser:
Veröffentlicht: Warszawa, [2000]
Umfang: ss. 154, il.
Format: Buch
Sprache: Polnisch
Kein Bild verfügbar
X
alg: 39554113
001A    $01999:12-11-16 
001B    $01999:01-11-24 $t18:40:00.000 
001D    $01999:12-11-16 
001U    $0utf8 
001X    $00 
002@    $0Aax 
003@    $0395541131 
007A    $0395541131 $aHEB 
007T    $0Herdk07646 
010@    $apol 
011@    $a2000 $n[2000] 
021A    $aWielki przekręt $dKlęska polskich reform 
028A    $#Poznanski, Kazimierz $#Poznánski, K. Z. $#Poznański, Kazimierz $#Poznański, Kazimierz Z. $D20231015 $Ecgwrk $71051695341 $8Poznanski, Kazimierz Z.$Z1946- [Tp3] $934069372X 
033A    $pWarszawa 
034D    $ass. 154, il. 
039U    $8--Aox--Targowski, Andrzej. Poznański, Kazimierz Z.. Wielki przekręt. - Warszawa. -  2000 [Rezension], 1999/2000 [2001] $9394732790 
045F    $a900.943809049 $eDDC23BSB 
045F/01 $a900 
045F/03 $f09049 
045F/03 $f090511 
045F/03 $f090512 
045F/03 $g438 

lok: 39554113 78

exp: 39554113 78 1 #EPN
201B/01 $018-11-16 $t15:14:41.000 
201U/01 $0utf8 
203@/01 $079216203X 
208@/01 $a12-11-16 $be 
209A/01 $a/ $f000 $x00 
220C/01 $aTitelaufnehmer: pbb 
220C/01 $aHerkunft: IH PAN/PBB Kraków 
244Z/01 $2Trx $#Poola $#Lenkija $#Polija $#Polen Land $#Poland $#Lengyelország $#Poľsko $#Polsko $8--Trx--Polska$gkraj $x01 $9391345966 
244Z/01 $aGeschichte 1989-2000 $x02 
244Z/01 $2Trx $#transformatsioon 1989- $#transformacijos 1989- $#transformation 1989- $#átalakítás 1989- $#transformacje ustrojowe 1989- $#transformácia 1989- $#transformace 1989- $8--Trx--Transformation$g1989- $x03 $9391366122 
244Z/01 $2Trx $#majandusreformid $#ūkio reformos $#reforms, economic $#reformok, gazdasági $#reformy gospodarcze $#reformy hospodárske $#reformy hospodářské $8--Trx--Reformen, wirtschaftliche $x04 $9391369431 
244Z/01 $2Trx $8--Trx--Monographie $x05 $9391384546 
245Z/01 $a06.04.05 $x01 
247C/01 $82080>Marburg/Lahn, Herder-Institut, Forschungsbibliothek, Bibliographieportal $9336309341
LEADER 00000cam a22000002c 4500
001 395541131
003 DE-603
005 20241101184000.0
007 tu
008 161112s2000 xx |||| | u00||u|pol c
035 |a (DE-599)HEB395541131 
040 |a DE-603  |b ger  |c DE-603  |d DE-603 
041 |a pol 
082 0 4 |8 1\u  |a 900.943809049  |q DE-101  |2 23/BSB 
085 |8 1\u  |b 900 
085 |8 1\u  |z 1  |s 09049 
085 |8 1\u  |z 1  |s 090511 
085 |8 1\u  |z 1  |s 090512 
085 |8 1\u  |z 2  |s 438 
100 1 |a Poznanski, Kazimierz Z.  |d 1946-  |0 (DE-603)34069372X  |0 (DE-588)1051695341  |2 gnd 
245 0 0 |a Wielki przekręt  |b Klęska polskich reform 
264 1 |a Warszawa  |c [2000] 
300 |a ss. 154, il. 
787 0 8 |i Rezensiert in  |a Targowski, Andrzej  |t Poznański, Kazimierz Z.. Wielki przekręt. - Warszawa. - 2000 [Rezension]  |w (DE-603)394732790 
924 0 |9 2080  |a (DE-603)79216203X  |b DE-2080  |c HES  |d d  |g /